The Constitutional of The Islamic Republic of Pakistan / (Record no. 594525)

000 -LEADER
fixed length control field 00337nam a22001217a 4500
082 ## - DEWEY DECIMAL CLASSIFICATION NUMBER
Classification number 342.5491
Author Mark ALI
100 ## - MAIN ENTRY--PERSONAL NAME
Personal name Ali, Zaka
245 ## - TITLE STATEMENT
Title The Constitutional of The Islamic Republic of Pakistan /
Statement of responsibility, etc. Zaka Ali
260 ## - PUBLICATION, DISTRIBUTION, ETC.
Place of publication, distribution, etc. Karachi :
Name of publisher, distributor, etc. The Ideal Publishers,
Date of publication, distribution, etc. 2012.
300 ## - PHYSICAL DESCRIPTION
Extent 400 p. ;
Dimensions 24 cm.
563 ## - BINDING INFORMATION
Binding note HBK.
942 ## - ADDED ENTRY ELEMENTS (KOHA)
Source of classification or shelving scheme
Koha item type Book
Holdings
Withdrawn status Lost status Source of classification or shelving scheme Damaged status Not for loan Permanent Location Current Location Shelving location Date acquired Source of acquisition Total Checkouts Total Renewals Full call number Barcode Date last seen Date last checked out Price effective from Koha item type
          NUST Law School (NLS) NUST Law School (NLS) Law 04/17/2023 Donated by Brig Aamir Yaqub 3 4 342.5491 ALI CL-D-2268 02/07/2025 11/08/2024 04/17/2023 Book
© 2023 Central Library, National University of Sciences and Technology. All Rights Reserved.